| 000 | 02086nam a2200373 c 4500 | ||
|---|---|---|---|
| 003 | BLK | ||
| 005 | 20180422102044.0 | ||
| 008 | 180408b bul|||||r ||||||| ||bul|| | ||
| 010 | _aKNG00061035000 | ||
| 040 | _aBLK | ||
| 041 |
_aBUL _cBUL |
||
| 080 |
_aСпециална библиография _b016 _x:92 _z016:92 |
||
| 080 |
_aЛитература на отделни езици и езикови семейства _b821 _x(01) _z821(01) |
||
| 080 |
_aБиографии _b929 _x _z929 |
||
| 700 | 1 |
_aСтойков, Божидар _eсъстав. _9368539 |
|
| 700 | 1 |
_aХаджикосев, Симеон _eред. _9367693 |
|
| 700 | 1 |
_aМатева, Росица _eред. _9287303 |
|
| 139 |
_aЛауреати на национална литературна награда "Георги Кирков-Майстора" и международна награда "Хитър Петър" _bЛ 27 |
||
| 245 | 1 | 0 |
_aЛауреати на национална литературна награда "Георги Кирков-Майстора" и международна награда "Хитър Петър" _bПрепоръчителна био-библиогр. _cсъстав. Божидар Стойков; ред. Симеон Хаджикосев; ред. Росица Матева. |
| 257 | _aBGR | ||
| 260 |
_аГаброво _bДом на хумора и сатирата _c1985 |
||
| 300 |
_a280 с. _c21 см |
||
| 380 | _a0 | ||
| 500 | _aДрути състав.: Вихрен Чернокожев, Илия Дянков, И. Т. Татарлиев, Красимира Бърдарова, Маргарита Василева, Мариана Авдеева, Силвия Колева, Стефка Боева, Юрий Кирпиченко | ||
| 650 | 4 |
_aЛитература - библиографии _9277482 |
|
| 653 | _aлитература | ||
| 653 | _aбио-библиографии | ||
| 653 | _aнагради | ||
| 852 | _aЦб 144826 | ||
| 856 | 4 |
_qpdf _u |
|
| 856 | 4 |
_qpdf _u |
|
| 942 |
_cKNG _n0 |
||
| 944 |
_aCR _c13.06.2004 _kРенета_Константинова |
||
| 944 |
_aED _c10.08.2011 _k |
||
| 999 |
_c57046 _d57046 |
||